Quizzes
Events
Quiz Creation
Community
Videos
Private Events
Remove Ads
Sign In
Join for FREE
Feedback
Dark Mode
Quiz Categories
Sports
Geography
Music
Movies
Television
Just For Fun
Miscellaneous
History
Literature
Language
Science
Gaming
Entertainment
Religion
Holiday
For Kids
Quiz Lab
Recent
Popular Today
Quiz Kudos Today
Editor Picks
Curator Picks
Quizzes by...
Day
Popularity
Type
Ratings
Length
Year
Community
Subscriptions
Recent Discussions
Orange Saloon
Badges
Playlists
Quests
Create
Leaderboards
Showdown
Live 5
Trivia Bingo
Activity
Puzzle Library
Sporcle Events
Private Events
Virtual Trivia
Globe League
Become a Host
Pub Owners
SporcleCon
Opinionation
Our Games
Videos
Blog
Mobile Apps
Partnerships
Remove Ads and Go Orange
Feedback
Music
Pop Music
The Beatles
Song
Album
Lyrics
Bands
Singers
Artist
Clip
Rock
Rap
Classical
Billboard
Country Music
Kpop
Taylor Swift
Music
Pop Music
The Beatles
Song
Album
Lyrics
Bands
Singers
Artist
Clip
Rock
Rap
Classical
Billboard
Country Music
Kpop
Taylor Swift
Random Quiz
Search Sporcle
×
Quiz Lab
Quiz Lab
Music
Clip
Type in answers that appear in a list
Type in answers that appear in a list
Classic
Best Score? Go Orange.
Portuguese Songs (clip) Stats
Can you name the Portuguese songs by listening the clip?
By
9kayer
6m
24 Questions
49 Plays
49 Plays
49 Plays
Comments
Comments
Give Quiz Kudos
Give Quiz Kudos
-
- Ratings
hide this ad
Replay
Link that replays current quiz
Next Quiz
Link to next quiz in quiz playlist
You Got
0%
They Got
Avg Score
30%
Avg Friend Score
Upgrade to see
Score Distribution
Jump to the score distribution portion of the page
Score
0/24
Timer
06:00
0
Plays Today
Time
Song
% Correct
01:05
Socorro
65.3%
00:25
Deixa-me Rir
61.2%
00:50
A Pedra Filosofal
59.2%
01:10
Porto Côvo
59.2%
01:50
Solta-se o Beijo
55.1%
00:15
A Baía de Cascais
38.8%
00:35
Amar Como Jesus Amou
34.7%
01:45
Rocket Man
34.7%
01:00
Falamos Depois
32.7%
01:25
Angel Song
32.7%
00:05
Fado Português
28.6%
00:30
Quero é Viver
26.5%
Time
Song
% Correct
01:30
Voar
24.5%
00:40
Ok! Do you Want Something Simple?
22.4%
01:15
A Noite Passada
22.4%
00:10
Hold Still
16.3%
00:45
Try Again
16.3%
00:55
Fado Das Barracas I
16.3%
00:20
Sub-16
14.3%
01:35
Leve Beijo Triste
14.3%
01:40
Question of Love
14.3%
00:00
A História do Zé Passarinho
12.2%
01:55
Marchava, marchava
10.2%
01:20
A Culpa é da Vontade
8.2%
Quiz Playlist
Details
Report
Send in Message
Add To Playlist
Classic:
Type in answers that appear in a list
Last Updated: Feb 16, 2017
Quiz Scoreboard
CHALLENGE
Sign Up to Join the Scoreboard
Show All
Scores
Hide
Comments
May contain spoilers
Recently Published
Click the 1999 NBA Draft
by nibperrychub
Sports
2m
Alphabetical 'K' Countries by Flag Minefield
by ylime102
Geography
3m
Pick 6: Fruits
by JohnFran
Miscellaneous
15s
More to Explore
Quiz From the Vault
Featured Blog Post
15 Basketball Trivia Facts You Can Be March Mad About
hide this ad
You Might Also Like...
Tags
Artist Quiz
Clip Quiz
Song Quiz
Audio Quiz
portuguese
Today's Top Quizzes in Music
Browse Music
hide this ad
Today's Top Quizzes in Clip
Browse Clip
Top Contributed Quizzes in Music
1
KPOP LOGIC QUIZ
2
Taylor Swift All Songs (2024)
3
NCT 2020 Logic Puzzle
4
Taylor Swift Logic Puzzle
5
Lana Del Rey songs - match the song with the album
6
Taylor Swift: Logic Puzzle
7
Guess The Taylor Swift Lyrics Song #1
8
Joni Mitchell—'Car on a Hill' Lyrics
9
kpop group name match up
10
Guess the Taylor Swift song (Mystery Song)
Explore More
Trending Topics
NBA
Marvel
Crossword
Harry Potter
Anime
Kpop
Disney
Puzzle
NFL
The Office
WWE
Song
Pokémon
Country
Soccer
hide this ad
More By:
9kayer
Quiz
Plays
Rating
Category
Featured
Created
Song by Chorus
219
1.67
Music
Nov 20, 2009
End Lyric
198
5.00
Music
Dec 16, 2009
Open Lyric
178
4.25
Music
Dec 10, 2009
Portuguese Songs (clip)
49
5.00
Music
Jan 15, 2010
Go to Creator's Profile
Score Distribution
Quiz Creator Spotlight
9kayer
Follow
Send a Message
Quizzes Created
-
Created Quiz Play Count
-
More By This Creator
Popular Quizzes Today
1
Find the US States - No Outlines Minefield
2
Countries of Asia Without Outlines Minefield
3
Pick 6: Fruits
4
Alphabetical 'K' Countries by Flag Minefield
5
The Countries of the World
6
Click the 1999 NBA Draft
7
Find the US States
8
Match the Book to the Film X
More Music Quizzes
Rapper or Singer?
Curator's Pick
Trending Quizzes
Pick 6: Harry Potter
Pick 6: Golfers
Pick 6: Movie Franchises
Pick 6: Foods
Pick 6: Landmarks
Recently Updated
Women's Final Four Teams by Year
bhenderson79
Presidents Quartet II
eogle
Anything But Clue(do)
eogle
Anything But Oceanian Capitals
eogle
Anything But 7
eogle
Anything But Thing
eogle
Word Ladder: February 29
pecheneg
Song Title Questions
pecheneg
Women's NCAA Tournament #1 Seeds
pecheneg
Celebrity Mug Shots
pecheneg
Trending Topics
Disney
NBA
Harry Potter
Marvel
Anime
Crossword
Kpop
Country
NFL
Pokémon
Soccer
Puzzle
The Office
WWE
Song
Your Account Isn't Verified!
In order to create a playlist on Sporcle, you need to verify the email address you used during registration. Go to your
Sporcle Settings
to finish the process.
Report this User
Report this user for behavior that violates our
Community Guidelines
.
Details:
Send Report
Go to the Sporcle.com Mobile Site →
Comments